People's empowerment through panchayati raj institutions in Haryana: a study of male representatives in the working of Panchayati Raj Institutions (Record no. 87071)

000 -LEADER
fixed length control field 01163pab a2200169 454500
008 - FIXED-LENGTH DATA ELEMENTS--GENERAL INFORMATION
fixed length control field 180718b xxu||||| |||| 00| 0 eng d
100 ## - MAIN ENTRY--PERSONAL NAME
Personal name Kamra, Pawan K.
245 ## - TITLE STATEMENT
Title People's empowerment through panchayati raj institutions in Haryana: a study of male representatives in the working of Panchayati Raj Institutions
300 ## - PHYSICAL DESCRIPTION
Extent p.88-106.
520 ## - SUMMARY, ETC.
Summary, etc. Empowering the people, of late, has become catch word with our National and State governments. Many efforts have been initiated since independence and one such major effort could easily be singled out is the induction of 73rd amendment Act. All talks about virtual People's Empowerment will remain in the air until the ground realities are recognized. the elected representatives of the local especially of the rural local bodies be empowered to provide good governance and empowerment. The effort through this Paper is to assess the People's empowerment in the State of Haryana in terms of Participation amongst male representatives. - Reproduced.
650 ## - SUBJECT ADDED ENTRY--TOPICAL TERM
Topical term or geographic name entry element Panchayat
700 ## - ADDED ENTRY--PERSONAL NAME
Personal name Sharma, Puja
700 ## - ADDED ENTRY--PERSONAL NAME
Personal name Nagpal, Ritesh
773 ## - HOST ITEM ENTRY
Main entry heading Research Journal Social Science
908 ## - PUT COMMAND PARAMETER (RLIN)
Put command parameter N
909 ## -
-- 87071
Holdings
Withdrawn status Lost status Damaged status Not for loan Permanent Location Current Location Date acquired Serial Enumeration / chronology Barcode Date last seen Price effective from Koha item type
        Indian Institute of Public Administration Indian Institute of Public Administration 2018-07-19 Volume no: 16, Issue no: 2-3 AR87531 2018-07-19 2018-07-19 Articles

Powered by Koha